| 000 -ლიდერი |
| ფიქსირებული სიგრძის საკონტროლო ველი |
01786nam a2200277Ia 4500 |
| 001 - საკონტროლო ნომერი |
| საკონტროლო ველი |
22316 |
| 003 - საკონტროლო ნომრის იდენტიფიკატორი |
| საკონტროლო ველი |
GE_BSU |
| 005 - ბოლო ოპერაციის თარიღი და დრო |
| საკონტროლო ველი |
20250806161854.0 |
| 008 - ფიქსირებული სიგრძის მონაცემთა ელემენტები - ზოგადი ინფორმაცია |
| ფიქსირებული სიგრძის საკონტროლო ველი |
181216s2016||||ge |||||||||||||| ||geo|| |
| 040 ## - კატალოგიზაციის წყარო |
| Transcribing agency |
GE_BSU |
| 041 ## - ენის კოდი |
| Language code of text/sound track or separate title |
geo |
| 080 ## - უნივერსალური ათობითი კლასიფიკაციის ინდექსი |
| Universal Decimal Classification number |
27:327.36(063) ი-67 |
| 245 ## - ცნობა სათაურის შესახებ |
| Title |
ინტერრელიგიური დიალოგი მშვიდობისათვის : კონფერენციის მასალები = Interreligious dialogue for peace : Conference materials / |
| Statement of responsibility, etc |
რელიგიის საკითხთა სახელმწ. სააგენტო ; მთ. რედ. ზაზა ვაშაყმაძე ; რედ. პაატა გერგაია |
| 264 ## - წარმოების, გამოცემის, დისტრიბუციის და სხვა ცნობები |
| გამოცემის, წარმოების, დისტრიბუციის... ადგილი |
თბილისი : |
| გამოცემის, წარმოების, დისტრიბუციის... თარიღი |
2016. |
| 300 ## - ფიზიკური აღწერა |
| Extent |
100 გვ. : |
| Other physical details |
ფოტ. ; |
| Dimensions |
29 სმ. |
| 500 ## - ზოგადი შენიშვნა |
| General note |
ყდა აგრეთვე ინგლ. ენაზე
|
| 520 ## - SUMMARY, ETC. |
| Summary, etc |
რეზიუმეები ინგლ. ენაზე |
| 653 ## - INDEX TERM--UNCONTROLLED |
| Uncontrolled term |
ინტერრელიგიური დიალოგი მშვიდობისათვის |
| 653 ## - INDEX TERM--UNCONTROLLED |
| Uncontrolled term |
რელიგიური თანასწორობა საქართველოში -- კონფერენციები |
| 653 ## - INDEX TERM--UNCONTROLLED |
| Uncontrolled term |
რელიგიური უმცირესობები საქართველოში -- კონფერენციები |
| 700 ## - ADDED ENTRY--PERSONAL NAME |
| Personal name |
ვაშაყმაძე, ზაზა |
| Relator term |
მთ.რედაქტორი |
| 9 (RLIN) |
25746 |
| 700 ## - ADDED ENTRY--PERSONAL NAME |
| Personal name |
გერგაია, პაატა |
| Relator term |
რედაქტორი |
| 9 (RLIN) |
25747 |
| 710 ## - ADDED ENTRY--CORPORATE NAME |
| Corporate name or jurisdiction name as entry element |
რელიგიის საკითხთა სახელმწ. სააგენტო |
| 9 (RLIN) |
25748 |
| 942 ## - ADDED ENTRY ELEMENTS (KOHA) |
| Koha item type |
წიგნი |
| Source of classification or shelving scheme |
|